<?xml version="1.0" encoding="UTF-8"?>
<record
    xmlns:xsi="http://www.w3.org/2001/XMLSchema-instance"
    xsi:schemaLocation="http://www.loc.gov/MARC21/slim http://www.loc.gov/standards/marcxml/schema/MARC21slim.xsd"
    xmlns="http://www.loc.gov/MARC21/slim">

  <leader>00817nam a22002177a 4500</leader>
  <datafield tag="999" ind1=" " ind2=" ">
    <subfield code="c">5750</subfield>
    <subfield code="d">5750</subfield>
  </datafield>
  <controlfield tag="003">CISL</controlfield>
  <controlfield tag="005">20241112010826.0</controlfield>
  <controlfield tag="008">241112t2022    ii  |||g |||| 00| e ben d</controlfield>
  <datafield tag="020" ind1=" " ind2=" ">
    <subfield code="a">9788195244362</subfield>
  </datafield>
  <datafield tag="040" ind1=" " ind2=" ">
    <subfield code="c">CISL</subfield>
  </datafield>
  <datafield tag="082" ind1=" " ind2=" ">
    <subfield code="a">891.4409</subfield>
    <subfield code="2">22</subfield>
    <subfield code="b">POA</subfield>
  </datafield>
  <datafield tag="100" ind1=" " ind2=" ">
    <subfield code="a">&#x9AA;&#x9CB;, &#x98F;&#x9A1;&#x997;&#x9BE;&#x9B0; &#x985;&#x9CD;&#x9AF;&#x9BE;&#x9B2;&#x9BE;&#x9A8; ;</subfield>
    <subfield code="4">Edgar Allan Poe</subfield>
  </datafield>
  <datafield tag="245" ind1=" " ind2=" ">
    <subfield code="a">&#x98F;&#x9A1;&#x997;&#x9BE;&#x9B0; &#x985;&#x9CD;&#x9AF;&#x9BE;&#x9B2;&#x9BE;&#x9A8; &#x9AA;&#x9CB; &#x9B0;&#x99A;&#x9A8;&#x9BE;&#x9B8;&#x982;&#x997;&#x9CD;&#x9B0;&#x9B9; - &#x9E8; /  </subfield>
    <subfield code="c">&#x98F;&#x9A1;&#x997;&#x9BE;&#x9B0; &#x985;&#x9CD;&#x9AF;&#x9BE;&#x9B2;&#x9BE;&#x9A8; &#x9AA;&#x9CB;</subfield>
  </datafield>
  <datafield tag="260" ind1=" " ind2=" ">
    <subfield code="a">&#x995;&#x9B2;&#x995;&#x9BE;&#x9A4;&#x9BE;: </subfield>
    <subfield code="b">&#x9AB;&#x9CD;&#x9AF;&#x9BE;&#x9A8;&#x99F;&#x9CD;&#x9AF;&#x9BE;&#x9B8;&#x9CD;&#x99F;&#x9BF;&#x995; &#x993; &#x995;&#x9B2;&#x9CD;&#x9AA;&#x9AC;&#x9BF;&#x9B6;&#x9CD;&#x9AC; &#x9AA;&#x9BE;&#x9AC;&#x9B2;&#x9BF;&#x995;&#x9C7;&#x9B6;&#x9A8;&#x9B8;</subfield>
    <subfield code="c">[c2022]  </subfield>
  </datafield>
  <datafield tag="300" ind1=" " ind2=" ">
    <subfield code="a">440 p. :</subfield>
    <subfield code="b">illus.</subfield>
    <subfield code="c">24 cm.</subfield>
  </datafield>
  <datafield tag="650" ind1=" " ind2=" ">
    <subfield code="x">Bengali literature</subfield>
  </datafield>
  <datafield tag="650" ind1=" " ind2=" ">
    <subfield code="x">Essays</subfield>
  </datafield>
  <datafield tag="650" ind1=" " ind2=" ">
    <subfield code="z">India</subfield>
  </datafield>
  <datafield tag="700" ind1=" " ind2=" ">
    <subfield code="4">&#x985;&#x9A6;&#x9CD;&#x9B0;&#x9C0;&#x9B6; &#x9AC;&#x9B0;&#x9CD;&#x9A7;&#x9A8;</subfield>
  </datafield>
  <datafield tag="942" ind1=" " ind2=" ">
    <subfield code="2">ddc</subfield>
    <subfield code="c">BK</subfield>
  </datafield>
  <datafield tag="952" ind1=" " ind2=" ">
    <subfield code="0">0</subfield>
    <subfield code="1">0</subfield>
    <subfield code="2">ddc</subfield>
    <subfield code="4">0</subfield>
    <subfield code="7">0</subfield>
    <subfield code="a">CISL</subfield>
    <subfield code="b">CISL</subfield>
    <subfield code="d">2024-11-12</subfield>
    <subfield code="o">891.4409 POA</subfield>
    <subfield code="p">3010006132</subfield>
    <subfield code="r">2024-11-12</subfield>
    <subfield code="t">1</subfield>
    <subfield code="w">2024-11-12</subfield>
    <subfield code="y">BK</subfield>
    <subfield code="z">Available</subfield>
  </datafield>
</record>
